000 00942nam a22002417a 4500
005 20170123164158.0
010 _aA-339493
020 _c25.00
035 _aA-339493
040 _aDPL
_bPN
082 _a
_bਫੂਲਚੰ
100 _aਫੂਲਚੰਦ ਮਾਨਵ
_9131975
245 _aਕਥਾਨਗਰ :
_bਅਤੇ ਹੋਰ ਕਹਾਣੀਆਂ /
_cਫੂਲਚੰਦ ਮਾਨਵ
246 _aKatha nagar : short stories /
_bby Phoolchand Manav
260 _aਦਿੱਲੀ
_bਆਰਸੀ ਪਬਲਿਸ਼ਰਜ਼
_c1987
270 _bਦਿੱਲੀ
_aਚਾਂਚਨੀ ਚੈਕ
_e110006
300 _a80p.
_c19cm(Hb)
650 _aਪੰਜਾਬੀ ਸਾਹਿਤ- ਲਘੂ ਕਹਾਣੀਆਂ
_98034
650 _aਪੰਜਾਬੀ ਸਾਹਿਤ
_9131976
650 _aPunjabi Literature- Short stories
_98035
650 _aPunjabi Literature
_9131977
942 _2ddc
_cPN
_h
_mਫੂਲਚੰ
999 _c110857
_d110857